000
00286nam a2200109Ia 4500
008
190216s9999||||xx |||||||||||||| ||und||
100
_a
Tata Mcgraw-Hill
245
0
_a
Course In Physics For Iit
260
_b
Tata Mcgraw Hill Publishing Company Ltd
_c
1997
300
_a
986p
942
_c
REF
999
_c
36381
_d
36381